The Elements of Art - Statistics

General Stats
  • This quiz has been taken 59 times
  • The average score is 6 of 7
Answer Stats
Hint Answer % Correct
This most fundamental element of art can be zigzag, vertical, horizontal, diagonal, etc. Line
100%
This element of art is the way light hits an object and is split into hue, saturation, and value. Color
92%
This element of art is the area in or between shapesin a work. Space
92%
This element of art occurs when a shape becomes3-Dimensional. Form
83%
This element of art occurs when a line encloses a space. Shape
83%
This element of art is how an object feels or looks how it would feel. Texture
83%
This element of art is how light or dark something is. Value
58%
No matching quizzes found
Score Distribution
Percent of People with Each Score
Percentile by Number Answered
Your Score History
You have not taken this quiz